AGENDA MESYUARAT JAWATANKUASA PEMBANGUNAN SOSIAL, KEMASYARAKATAN DAN PELANCONGAN . BIL. 05/2002

Bibliographic Details
Format: Book
Published: Petaling Jaya : Majlis Perbandaran Petaling Jaya 2002

MARC

LEADER 00000cam a2200000 7i4500
001 0000318130
005 20241025160844.0
006 a# ###g ###
007 ta
008 041021 # g 0 mayr
040 |a MBPJ   |b eng   |c MBPJ   |e rda 
090 4 |a MIN 579 
110 2 |a Majlis Perbandaran Petaling Jaya   |e issuing body 
245 0 0 |a AGENDA MESYUARAT JAWATANKUASA PEMBANGUNAN SOSIAL, KEMASYARAKATAN DAN PELANCONGAN .   |n BIL. 05/2002   |c Majlis Perbandaran Petaling Jaya 
264 1 |a Petaling Jaya :   |b Majlis Perbandaran Petaling Jaya   |c 2002 
300 |a 1 volume (various pagings) ;   |c 30 cm. 
336 |a text  |2 rdacontent 
337 |a unmediated  |2 rdamedia 
338 |a volume  |2 rdacarrier 
500 |a Dokumen Terbitan MBPJ - Minit Mesyuarat 
500 |a Minit Mesyuarat Jawatankuasa Pembangunan Sosial, Kemasyarakatan Dan Pelancongan Majlis Perbandaran Petaling Jaya. Bil: 4 Tahun 2002, Rabu, 10 April 2002, 2.30 Petang - 4.20 Petang, Dewan Bunga Tanjung, Majlis Perbandaran Petaling Jaya dan Agenda Mesyuarat Jawatankuasa Pembangunan Sosial, Kemasyarakatan Dan Pelancongan Bil. 5/2002. 
999 |a BA3047/24   |b DOKUMEN TERBITAN MBPJ   |c KOLEKSI BAHAN ARKIB   |e PERPUSTAKAAN KOMUNITI PETALING JAYA